Stepping into modernity : (Record no. 23120)

MARC details
000 -LEADER
fixed length control field 00983nam a22002535a 4500
005 - DATE AND TIME OF LATEST TRANSACTION
control field 20081202064115.0
008 - FIXED-LENGTH DATA ELEMENTS--GENERAL INFORMATION
fixed length control field 081025s2008 ii b 001 0 eng
010 ## - LCCN (DPL NO)
LC control number ENG-92895
020 ## - INTERNATIONAL STANDARD BOOK NUMBER
Terms of availability 175.00
035 ## - SYSTEM CONTROL NUMBER
System control number EN-76428
037 ## - SOURCE OF ACQUISITION
Source of stock number/acquisition DBAD / PUB
040 ## - CATALOGING SOURCE
Original cataloging agency dpl
Language of cataloging English
082 ## - DEWEY DECIMAL CLASSIFICATION NUMBER
Classification number 954.53
100 ## - MAIN ENTRY--PERSONAL NAME
Personal name Gopal, Surendra,
245 ## - TITLE STATEMENT
Title Stepping into modernity :
Remainder of title Patna in the nineteenth century /
Statement of responsibility, etc by Surendra Gopal
246 ## - VARYING FORM OF TITLE
Title proper/short title Patna in the 19th century
260 ## - PUBLICATION, DISTRIBUTION, ETC. (IMPRINT)
Place of publication, distribution, etc Patna
Name of publisher, distributor, etc Khuda Bakhsh Oriental Public Library
Date of publication, distribution, etc 2008
300 ## - PHYSICAL DESCRIPTION
Extent xii, 200 p. ;
Dimensions 23 cm (Hb)
504 ## - BIBLIOGRAPHY, ETC. NOTE
Bibliography, etc Includes bibliographical references and index.
651 ## - SUBJECT ADDED ENTRY--GEOGRAPHIC NAME
Geographic name Patna (India)
General subdivision Civilization.
710 ## - ADDED ENTRY--CORPORATE NAME
Corporate name or jurisdiction name as entry element K̲h̲udā Bak̲h̲sh Oriyanṭal Pablik Lāʼibrerī.
942 ## - ADDED ENTRY ELEMENTS (KOHA)
Source of classification or shelving scheme Dewey Decimal Classification
Item type English Books
Call number suffix GOP
Classification part 954.53
Holdings
Withdrawn status Lost status Source of classification or shelving scheme Damaged status Not for loan Collection code Home library Current library Date acquired Source of acquisition Cost, normal purchase price Total Checkouts Full call number Barcode Date last seen Copy number Cost, replacement price Koha item type
    Dewey Decimal Classification   Not For Loan Non-fiction D.B.Act.Division D.B.Act.Division 06/02/2009 DBAD / PUB 175.00   954.53 GOP EN-76428 06/02/2009 1 175.00 English Books

© Delhi Public Library
Hit Counter
free hit counter